<?xml version="1.0" encoding="UTF-8"?>
<resp>
  <nextPage>https://data.bn.org.pl/api/networks/bibs.marcxml?marc=001+b00001150002726&amp;sinceId=1150002727</nextPage>
  <collection>
    <record xmlns='http://www.loc.gov/MARC21/slim'><leader>01364namZa2200397ZiZ4500</leader><controlfield tag='001'>b00001150002726</controlfield><controlfield tag='005'>20260402111734.6</controlfield><controlfield tag='008'>230609s        pl           |000 0 pol c</controlfield><controlfield tag='009'>9913261480305606</controlfield><datafield ind1=' ' ind2=' ' tag='020'><subfield code='a'>837391062X</subfield></datafield><datafield ind1=' ' ind2=' ' tag='035'><subfield code='a'>KR_1KR_1_20120317234006087294-48omnis_kr</subfield></datafield><datafield ind1=' ' ind2=' ' tag='035'><subfield code='a'>KR_1_20120317234006087294</subfield><subfield code='9'>ExL</subfield></datafield><datafield ind1=' ' ind2=' ' tag='035'><subfield code='a'>(PL)b00001150002726</subfield></datafield><datafield ind1=' ' ind2=' ' tag='040'><subfield code='a'>KR_1</subfield><subfield code='c'>KR_1</subfield></datafield><datafield ind1='1' ind2=' ' tag='041'><subfield code='a'>pol</subfield><subfield code='h'>eng</subfield></datafield><datafield ind1='1' ind2=' ' tag='100'><subfield code='a'>Collins, Susan</subfield></datafield><datafield ind1='0' ind2='0' tag='245'><subfield code='a'>Radość sukcesu /</subfield><subfield code='c'>Susan Ford Collins ; z ang. przeł. Agnieszka Wyszogrodzka.</subfield></datafield><datafield ind1=' ' ind2=' ' tag='260'><subfield code='a'>Warszawa :</subfield><subfield code='b'>&quot;Świat Książki&quot;,</subfield><subfield code='c'>2004.</subfield></datafield><datafield ind1=' ' ind2=' ' tag='300'><subfield code='a'>254 s. ;</subfield><subfield code='c'>22 cm.</subfield></datafield><datafield ind1='1' ind2=' ' tag='490'><subfield code='a'>Jacek Santorski Poleca</subfield></datafield><datafield ind1=' ' ind2=' ' tag='500'><subfield code='a'>n</subfield></datafield><datafield ind1=' ' ind2=' ' tag='501'><subfield code='a'>Na okł. podtyt.: jak cieszyć się życiem we współczesnych czasach.</subfield></datafield><datafield ind1=' ' ind2='7' tag='650'><subfield code='a'>Sukces</subfield><subfield code='2'>DBN</subfield></datafield><datafield ind1=' ' ind2='9' tag='650'><subfield code='a'>Samorealizacja</subfield></datafield><datafield ind1=' ' ind2=' ' tag='658'><subfield code='a'>Psychologia</subfield></datafield><datafield ind1='1' ind2=' ' tag='700'><subfield code='a'>Wyszogrodzka-Gaik, Agnieszka Patrycja</subfield><subfield code='e'>Tł.</subfield></datafield><datafield ind1=' ' ind2=' ' tag='852'><subfield code='b'>48OMNIS_NETWORK</subfield><subfield code='8'>9913261480305606</subfield></datafield><datafield ind1=' ' ind2=' ' tag='852'><subfield code='b'>48OMNIS_KR</subfield><subfield code='8'>991000027249708216</subfield></datafield><datafield ind1=' ' ind2=' ' tag='852'><subfield code='8'>2210136370008216</subfield><subfield code='j'>1</subfield><subfield code='b'>KR_2_2</subfield><subfield code='p'>KR_2_20000429</subfield><subfield code='c'>KR_2_2_1</subfield></datafield><datafield ind1=' ' ind2=' ' tag='852'><subfield code='8'>2210937080008216</subfield><subfield code='j'>1</subfield><subfield code='b'>KR_2_1</subfield><subfield code='p'>KR_2_10004406</subfield><subfield code='c'>KR_2_1_1</subfield></datafield><datafield ind1=' ' ind2=' ' tag='852'><subfield code='8'>2210937080008216</subfield><subfield code='j'>1</subfield><subfield code='b'>KR_2_1</subfield><subfield code='p'>KR_2_10004405</subfield><subfield code='c'>KR_2_1_1</subfield></datafield><datafield ind1=' ' ind2=' ' tag='920'><subfield code='a'>83-7391-062-X</subfield></datafield></record>
  </collection>
</resp>
